Trial of Jacob Barker, Thomas Vermilya, and Matthew L. Davis, for alleged conspiracy : testimony as reported by Hugh Maxwell, Esq., district attorney, and certified for the use of the Supreme court, by Ogden Edwards, Esq., the judge before whom the cause was tried at the Circuit, in August, 1827.

Bibliographic Details
Main Author: Barker, Jacob, 1779-1871
Corporate Author: New York (State). Circuit Court (1st Circuit)
Other Authors: Vermilya, Thomas, 1774-1853, Davis, Matthew L. (Matthew Livingston), 1773-1850, Maxwell, Hugh, 1787-1873
Format: eBook
Language:English
Published: [New York?] : [publisher not identified], 1827
Series:Making of the modern world (Goldsmiths'-Kress Library of Economic Literature)
Subjects:
Online Access:Connect to the full text of this electronic book

MARC

Tag First Indicator Second Indicator Subfields
LEADER 00000cam a2200000Ia 4500
001 in00002286913
005 20190326191926.0
006 m | d |
007 cr |n||||||||n
008 880819s1827 nyuaf s 000 0 eng d
040 |a TXA  |c GKR  |d OCL  |d Thomson Gale  |d UtOrBLW 
043 |a n-us-ny 
100 1 |a Barker, Jacob,  |d 1779-1871. 
245 1 0 |a Trial of Jacob Barker, Thomas Vermilya, and Matthew L. Davis, for alleged conspiracy :  |b testimony as reported by Hugh Maxwell, Esq., district attorney, and certified for the use of the Supreme court, by Ogden Edwards, Esq., the judge before whom the cause was tried at the Circuit, in August, 1827. 
264 1 |a [New York?] :  |b [publisher not identified],  |c 1827 
264 3 |a New York :  |b Printed at the Coke law-press, Gould, printer 
300 |a 328, iv pages, 1 unnumbered leaf of plates :  |b illustrations ;  |c 22 cm. 
336 |a text  |b txt  |2 rdacontent 
337 |a computer  |b c  |2 rdamedia 
338 |a online resource  |b cr  |2 rdacarrier 
500 |a Reproduction of original from Kress Library of Business and Economics, Harvard University. 
500 |a Goldsmiths'-Kress number 25434.4. 
510 4 |a OCLC,  |c 18372519 
533 |a Electronic reproduction.  |b Farmington Hills, Mich. :  |c Thomson Gale,  |d 2005.  |f (The making of the modern world).  |n Available via the World Wide Web.  |n Access limited to licensing agreements.  |7 s2005 miunns 
500 |a Electronic resource. 
650 0 |a Trials (Fraud)  |z New York (State)  |z New York. 
600 1 0 |a Barker, Jacob,  |d 1779-1871  |v Trials, litigation, etc. 
610 2 0 |a Morris Canal and Banking Company. 
610 2 0 |a Fulton Bank. 
600 1 0 |a Vermilya, Thomas  |v Trials, litigation, etc. 
600 1 0 |a Davis, Matthew L.  |q (Matthew Livingston),  |d 1773-1850  |v Trials, litigation, etc. 
655 0 |a Electronic books. 
700 1 |a Vermilya, Thomas,  |d 1774-1853. 
700 1 |a Davis, Matthew L.  |q (Matthew Livingston),  |d 1773-1850. 
700 1 |a Maxwell, Hugh,  |d 1787-1873. 
710 1 |a New York (State).  |b Circuit Court (1st Circuit) 
830 0 |a Making of the modern world (Goldsmiths'-Kress Library of Economic Literature) 
856 4 0 |u http://proxy.library.tamu.edu/login?url=http://galenet.galegroup.com/servlet/MOME?af=RN&ae=U105076514&srchtp=a&ste=14&locID=txshracd2898  |z Connect to the full text of this electronic book  |t 0 
999 |a MARS 
999 f f |s ca86cffb-22b7-35c2-ba27-aa0c74b896ac  |i 37581094-c6cb-3edc-b0f2-a4485eb98799  |t 0 
952 f f |a Texas A&M University  |b College Station  |c Electronic Resources  |d Available Online  |t 0  |h No information provided 
998 f f |t 0  |l Available Online